[Event "CRO-chT2 Ost"]
[Site "Croatia"]
[Date "2016.04.16"]
[Round "1.21"]
[White "Feltan, Mario"]
[Black "Majeric, Zoran"]
[Result "1-0"]
[WhiteElo "2143"]
[BlackElo "2235"]
[PlyCount "75"]
[EventDate "2016.04.16"]
[EventType "team-tourn"]
[EventRounds "11"]
[EventCountry "CRO"]
[SourceTitle "EXT 2019"]
[Source "ChessBase"]
[SourceDate "2018.10.10"]
[SourceVersion "1"]
[SourceVersionDate "2018.10.10"]
[SourceQuality "1"]

1. e4 c5 2. c3 Nf6 3. e5 Nd5 4. d4 cxd4 5. Nf3 e6 6. cxd4 d6 7. exd6 Bxd6 8. Nc3 Nxc3 9. bxc3 Qc7 10. Bd2 Nd7 11. Bd3 b6 12. 0-0 Bb7 13. h3 0-0 14. a4 Bf4 15. Bxf4 Qxf4 16. Qd2 Qc7 17. Ng5 Nf6 18. Rfe1 Rac8 19. Ra3 Rfd8 20. a5 h6 21. Ne4 Nxe4 22. Bxe4 Bxe4 23. Rxe4 Qd6 24. Ra1 b5 25. Rg4 e5 26. Re1 exd4 27. cxd4 Rc4 28. d5 Rxg4 29. hxg4 Rc8 30. g5 h5 31. g6 Qxg6 32. d6 Rd8 33. d7 Qc6 34. Re7 b4 35. Qf4 f6 36. Qg3 g5 37. Qb3+ Kh8 38. Qb1 1-0

[Event "CRO-chT"]
[Site "Bol"]
[Date "2014.05.18"]
[Round "6.13"]
[White "Bonaca, Dario"]
[Black "Feltan, Mario"]
[Result "0-1"]
[WhiteElo "1993"]
[BlackElo "2115"]
[PlyCount "76"]
[EventDate "2014.05.14"]
[EventType "team-swiss"]
[EventRounds "6"]
[EventCountry "CRO"]
[SourceTitle "CBM 160 Extra"]
[Source "ChessBase"]
[SourceDate "2014.07.01"]
[SourceVersion "1"]
[SourceVersionDate "2014.07.01"]
[SourceQuality "1"]
[WhiteTeam "Porec Gortan"]
[BlackTeam "Knezevi Vinogradi"]
[WhiteTeamCountry "CRO"]
[BlackTeamCountry "CRO"]

1. d4 d5 2. Nf3 Nf6 3. Bf4 e6 4. e3 Bd6 5. Bd3 Bxf4 6. exf4 Qd6 7. Qc1 b6 8. 0-0 0-0 9. Re1 Ba6 10. Nc3 Bxd3 11. cxd3 a6 12. Qe3 Nbd7 13. Ne5 c5 14. Re2 Rac8 15. Rc1 c4 16. dxc4 dxc4 17. Rec2 b5 18. Ne4 Nxe4 19. Nxd7 Qxd7 20. Qxe4 Qd5 21. Qxd5 exd5 22. Re2 Rfe8 23. Rce1 Kf8 24. Kf1 Rxe2 25. Rxe2 Re8 26. Rd2 Re4 27. g3 Ke8 28. f3 Re7 29. Kf2 Kd7 30. f5 Kc6 31. g4 b4 32. Rc2 Kb5 33. Rc1 a5 34. h4 a4 35. g5 c3 36. bxc3 b3 37. axb3 axb3 38. Ra1 Kc4 0-1

[Event "CRO-chT"]
[Site "Bol"]
[Date "2014.05.15"]
[Round "3.10"]
[White "Malesevic, Elvino"]
[Black "Feltan, Mario"]
[Result "0-1"]
[WhiteElo "1912"]
[BlackElo "2115"]
[PlyCount "72"]
[EventDate "2014.05.14"]
[EventType "team-swiss"]
[EventRounds "6"]
[EventCountry "CRO"]
[SourceTitle "CBM 160 Extra"]
[Source "ChessBase"]
[SourceDate "2014.07.01"]
[SourceVersion "1"]
[SourceVersionDate "2014.07.01"]
[SourceQuality "1"]
[WhiteTeam "Zadar"]
[BlackTeam "Knezevi Vinogradi"]
[WhiteTeamCountry "CRO"]
[BlackTeamCountry "CRO"]

1. e4 e6 2. d4 d5 3. Nd2 Nf6 4. e5 Nfd7 5. Bd3 c5 6. c3 Nc6 7. Ne2 f5 8. exf6 Nxf6 9. Nf3 Bd6 10. 0-0 0-0 11. Bf4 cxd4 12. Bxd6 Qxd6 13. cxd4 Nh5 14. Rc1 Bd7 15. Re1 Rf6 16. Rc3 Raf8 17. Bb5 a6 18. Ba4 b5 19. Bc2 Rh6 20. Re3 Nf4 21. Ne5 Nxe2+ 22. R1xe2 Rf4 23. Nxc6 Rxd4 24. Rd2 Qxh2+ 25. Kf1 Rxd2 26. Ne7+ Kf8 27. Qxd2 Qh1+ 28. Ke2 Qh5+ 29. Rf3+ Kxe7 30. Qb4+ Kd8 31. Qf8+ Kc7 32. Qxg7 Kd6 33. Qf8+ Kc7 34. Qg7 e5 35. g4 Qxg4 36. Qxh6 e4 0-1

[Event "CRO-chT"]
[Site "Bol"]
[Date "2014.05.14"]
[Round "1.9"]
[White "Ostovic, Matija"]
[Black "Feltan, Mario"]
[Result "1-0"]
[WhiteElo "2324"]
[BlackElo "2115"]
[PlyCount "93"]
[EventDate "2014.05.14"]
[EventType "team-swiss"]
[EventRounds "6"]
[EventCountry "CRO"]
[SourceTitle "CBM 160 Extra"]
[Source "ChessBase"]
[SourceDate "2014.07.01"]
[SourceVersion "1"]
[SourceVersionDate "2014.07.01"]
[SourceQuality "1"]
[WhiteTeam "Koprivnica Podravka"]
[BlackTeam "Knezevi Vinogradi"]
[WhiteTeamCountry "CRO"]
[BlackTeamCountry "CRO"]

1. Nf3 Nf6 2. c4 c6 3. d4 d5 4. e3 Bf5 5. Nc3 e6 6. Qb3 Qc7 7. Nh4 Bg6 8. Nxg6 hxg6 9. Bd2 Nbd7 10. g3 a6 11. Bg2 b5 12. cxd5 cxd5 13. 0-0 Qc4 14. Qd1 Bd6 15. e4 dxe4 16. Nxe4 Nxe4 17. Bxe4 Rd8 18. Ba5 0-0 19. Bxd8 Rxd8 20. Qd3 Nb6 21. Rfd1 Be7 22. Qxc4 bxc4 23. b3 c3 24. Rac1 Bb4 25. a3 Bxa3 26. Rxc3 Bb2 27. Rcd3 a5 28. d5 e5 29. g4 g5 30. Kf1 Rd6 31. R1d2 Bd4 32. Ra2 Nxd5 33. Rxa5 Nb6 34. b4 Kf8 35. b5 Rd8 36. Bc6 Ke7 37. Ra7+ Ke6 38. Rf3 Nc4 39. Rfxf7 Bxa7 40. Rxa7 Kf6 41. Ra6 Rb8 42. Ke2 Ke7 43. Kd3 Nb6 44. Kc3 Kd6 45. Kb4 Nc8 46. Bb7+ Kc7 47. Bxc8 1-0

[Event "CRO-chT2 East"]
[Site "Osijek"]
[Date "2013.04.21"]
[Round "3.14"]
[White "Feltan, Mario"]
[Black "Dabic, Stanko"]
[Result "1-0"]
[WhiteElo "2109"]
[BlackElo "2188"]
[PlyCount "59"]
[EventDate "2013.04.20"]
[EventType "team-tourn"]
[EventRounds "11"]
[EventCountry "CRO"]
[SourceTitle "EXT 2023"]
[Source "ChessBase"]
[SourceDate "2022.10.05"]
[SourceVersion "1"]
[SourceVersionDate "2022.10.05"]
[SourceQuality "1"]

1. e4 c5 2. c3 Nf6 3. e5 Nd5 4. d4 e6 5. Nf3 d6 6. exd6 Bxd6 7. Bd3 Nc6 8. 0-0 h6 9. a3 a6 10. c4 Nf6 11. dxc5 Bxc5 12. b4 Be7 13. Bb2 0-0 14. Qe2 a5 15. b5 Nb8 16. Rd1 Nbd7 17. Ne5 Qe8 18. Nd2 Nc5 19. Bc2 Bd6 20. Ndf3 Qe7 21. Rd2 Rd8 22. Rad1 Bc7 23. Rxd8+ Bxd8 24. Nd3 Bb6 25. Nxc5 Bxc5 26. Qd3 Kf8 27. Ne5 Qc7 28. h3 Ke8 29. Qg3 Bf8 30. Nc6 1-0

[Event "CRO-chT2 East"]
[Site "Osijek"]
[Date "2013.04.20"]
[Round "2.14"]
[White "Masirevic, Miroljub"]
[Black "Feltan, Mario"]
[Result "0-1"]
[WhiteElo "2017"]
[BlackElo "2109"]
[PlyCount "102"]
[EventDate "2013.04.20"]
[EventType "team-tourn"]
[EventRounds "11"]
[EventCountry "CRO"]
[SourceTitle "EXT 2023"]
[Source "ChessBase"]
[SourceDate "2022.10.05"]
[SourceVersion "1"]
[SourceVersionDate "2022.10.05"]
[SourceQuality "1"]

1. Nf3 d5 2. d4 Nf6 3. e3 c6 4. h3 Bf5 5. Bd3 e6 6. a3 Bd6 7. Nc3 Nbd7 8. b4 0-0 9. Bb2 Re8 10. 0-0 Bxd3 11. Qxd3 e5 12. dxe5 Nxe5 13. Nxe5 Bxe5 14. f4 Bd6 15. Rab1 Qb6 16. Rf3 a5 17. Na4 Qa6 18. Qf5 Ne4 19. Qg4 Bf8 20. Nc5 Qe2 21. Rc1 Nxc5 22. bxc5 Rxe3 23. Rxe3 Qxe3+ 24. Kh2 Qxc5 25. h4 Qd6 26. h5 Qe6 27. f5 Qe4 28. Qxe4 dxe4 29. Rd1 Re8 30. Kg3 Bc5 31. Re1 h6 32. Kf4 Bd6+ 33. Ke3 Be5 34. c3 Bf6 35. Rd1 Bg5+ 36. Ke2 Re5 37. g4 Rb5 38. Bc1 Rb3 39. Bxg5 hxg5 40. Rd8+ Kh7 41. Kd2 e3+ 42. Kxe3 Rxc3+ 43. Kd4 Rxa3 44. Rd7 f6 45. Rxb7 Ra4+ 46. Kc5 Rxg4 47. Kd6 Re4 48. Ra7 Re5 49. Kxc6 Rxf5 50. Kd6 Re5 51. Ra8 g4 0-1

[Event "Osijek Baranja CupT 6th"]
[Site "Osijek"]
[Date "2013.03.10"]
[Round "4.2"]
[White "Mahmutbegovic, Nadina"]
[Black "Feltan, Mario"]
[Result "1/2-1/2"]
[WhiteElo "1763"]
[BlackElo "2109"]
[PlyCount "120"]
[EventDate "2013.03.08"]
[EventType "team-tourn"]
[EventRounds "5"]
[EventCountry "CRO"]
[SourceTitle "EXT 2014"]
[Source "ChessBase"]
[SourceDate "2013.11.20"]
[SourceVersion "1"]
[SourceVersionDate "2013.11.20"]
[SourceQuality "1"]

1. e4 e6 2. d4 d5 3. exd5 exd5 4. Bd3 Nf6 5. Nf3 Bd6 6. 0-0 0-0 7. Re1 Bg4 8. Bg5 Nbd7 9. Nbd2 b6 10. c3 c5 11. Qc2 Qc7 12. h3 Bh5 13. Be3 Rac8 14. Nh4 Bg6 15. Nxg6 hxg6 16. Nf3 Rfe8 17. Rac1 Nf8 18. Ba6 Ra8 19. c4 cxd4 20. Nxd4 Bh2+ 21. Kh1 Bf4 22. cxd5 Qxc2 23. Nxc2 Be5 24. Bb7 Rad8 25. Bc6 N8d7 26. Bd4 Bxd4 27. Nxd4 Rxe1+ 28. Rxe1 Nc5 29. Rd1 a6 30. Nc2 Kf8 31. Ne3 Ke7 32. f3 b5 33. Kg1 Rb8 34. Kf2 Kd6 35. b3 Ng8 36. Nc2 Ne7 37. Nd4 Nd7 38. Bxd7 Kxd7 39. Nc2 Rc8 40. Ne3 Kd6 41. Ke2 f5 42. f4 g5 43. Kf3 gxf4 44. Kxf4 g6 45. Rd2 Rc3 46. Nd1 Rc8 47. Ne3 Rc3 48. h4 a5 49. Nd1 Rc8 50. Kg5 a4 51. bxa4 bxa4 52. Nb2 a3 53. Nd3 Rc3 54. h5 gxh5 55. Kxh5 Kxd5 56. Kg5 Ke6 57. Re2+ Kf7 58. Ne5+ Kg7 59. Nf3 Kf7 60. Ne5+ Kg7 1/2-1/2

[Event "CRO-chT2 East"]
[Site "Croatia"]
[Date "2011.10.29"]
[Round "11"]
[White "Grguric, Zeljko"]
[Black "Feltan, Mario"]
[Result "1/2-1/2"]
[WhiteElo "2085"]
[BlackElo "2090"]
[PlyCount "84"]
[EventDate "2011.04.02"]
[EventType "tourn"]
[EventRounds "11"]
[EventCountry "CRO"]
[SourceTitle "EXT 2014"]
[Source "ChessBase"]
[SourceDate "2013.11.20"]
[SourceVersion "1"]
[SourceVersionDate "2013.11.20"]
[SourceQuality "1"]

1. Nc3 d5 2. e4 dxe4 3. Nxe4 Nf6 4. Nxf6+ exf6 5. Nf3 Bd6 6. Be2 0-0 7. 0-0 Nc6 8. d4 Bg4 9. c3 Re8 10. Re1 Ne7 11. h3 Bd7 12. c4 Ng6 13. Bd3 b6 14. Bd2 c6 15. Bxg6 hxg6 16. b4 g5 17. g4 Qc7 18. Qc2 Bf4 19. Rxe8+ Rxe8 20. Re1 Rxe1+ 21. Nxe1 g6 22. Ng2 f5 23. Bxf4 gxf4 24. f3 Qd6 25. Qd2 g5 26. gxf5 Bxf5 27. h4 f6 28. a4 Qe6 29. Qc3 Qe2 30. d5 Bh3 31. Ne1 Qf1+ 32. Kh2 Qf2+ 33. Kh1 g4 34. fxg4 f3 35. Qxf3 Qxe1+ 36. Kh2 Bf1 37. Qxf6 cxd5 38. cxd5 Qe2+ 39. Kg3 Qg2+ 40. Kf4 Qxd5 41. Qg5+ Qxg5+ 42. Kxg5 a5 1/2-1/2

[Event "CRO-chT2 East"]
[Site "Croatia"]
[Date "2011.10.15"]
[Round "7"]
[White "Feltan, Mario"]
[Black "Djukic, Zeljko"]
[Result "1-0"]
[WhiteElo "2090"]
[BlackElo "2275"]
[PlyCount "83"]
[EventDate "2011.04.02"]
[EventType "tourn"]
[EventRounds "11"]
[EventCountry "CRO"]
[SourceTitle "EXT 2014"]
[Source "ChessBase"]
[SourceDate "2013.11.20"]
[SourceVersion "1"]
[SourceVersionDate "2013.11.20"]
[SourceQuality "1"]

1. e4 d6 2. d4 Nf6 3. Nc3 g6 4. f3 c6 5. Be3 Qb6 6. Qc1 Bg7 7. Bc4 0-0 8. Nge2 Nbd7 9. e5 Nd5 10. Bxd5 cxd5 11. Nxd5 Qa5+ 12. Nec3 dxe5 13. b4 Qd8 14. dxe5 Nxe5 15. Bg5 f6 16. Be3 e6 17. Nf4 f5 18. Nfe2 Qh4+ 19. Bf2 Qxb4 20. Qe3 Nc4 21. Qd3 Nb2 22. Qd2 Na4 23. Nxa4 Qxa4 24. c3 Bd7 25. 0-0 Rfd8 26. Rfd1 Bf6 27. Qe3 e5 28. Rd6 Rf8 29. f4 exf4 30. Nxf4 Rae8 31. Qd2 Bc6 32. Ne6 Qe4 33. Rxc6 Qxc6 34. Nxf8 Bxc3 35. Qh6 Rxf8 36. Rc1 Qd5 37. Bxa7 Bd2 38. Rd1 f4 39. Kh1 f3 40. Rxd2 f2 41. Rxd5 f1Q+ 42. Bg1 1-0

[Event "CRO-chT2 East"]
[Site "Croatia"]
[Date "2011.04.02"]
[Round "2"]
[White "Ivankovic, Marko"]
[Black "Feltan, Mario"]
[Result "1/2-1/2"]
[WhiteElo "1931"]
[BlackElo "2090"]
[PlyCount "76"]
[EventDate "2011.04.02"]
[EventType "tourn"]
[EventRounds "11"]
[EventCountry "CRO"]
[SourceTitle "EXT 2014"]
[Source "ChessBase"]
[SourceDate "2013.11.20"]
[SourceVersion "1"]
[SourceVersionDate "2013.11.20"]
[SourceQuality "1"]

1. d4 d5 2. Nf3 Nf6 3. e3 e6 4. c4 Nbd7 5. Bd3 c6 6. 0-0 Be7 7. Nbd2 b6 8. b3 Bb7 9. Bb2 0-0 10. Qe2 c5 11. e4 dxe4 12. Nxe4 Nxe4 13. Bxe4 Bxe4 14. Qxe4 Nf6 15. Qe2 Qc7 16. Rfe1 Rad8 17. d5 Nh5 18. g3 Bf6 19. Bxf6 Nxf6 20. dxe6 Rfe8 21. exf7+ Qxf7 22. Qc2 Ng4 23. Rxe8+ Rxe8 24. Kg2 Qb7 25. Qd3 Kh8 26. h3 Nf6 27. Rd1 h6 28. Kh2 Qf7 29. Rd2 Qe6 30. Ng1 Rf8 31. Re2 Qf7 32. Nf3 Re8 33. Ne5 Qc7 34. Ng6+ Kg8 35. Rxe8+ Nxe8 36. Qd5+ Kh7 37. Nf8+ Kh8 38. Ng6+ Kh7 1/2-1/2

[Event "Mediterranean op-B 4th"]
[Site "Rijeka"]
[Date "2010.11.14"]
[Round "3"]
[White "Juranic, Bruno"]
[Black "Feltan, Mario"]
[Result "0-1"]
[WhiteElo "2194"]
[BlackElo "2081"]
[PlyCount "82"]
[EventDate "2010.11.13"]
[EventType "swiss"]
[EventRounds "9"]
[EventCountry "CRO"]
[SourceTitle "EXT 2011"]
[Source "ChessBase"]
[SourceDate "2010.11.26"]
[SourceVersion "1"]
[SourceVersionDate "2010.11.26"]
[SourceQuality "1"]

1. e4 e6 2. Nc3 d5 3. Nf3 Nf6 4. e5 Nfd7 5. d4 c5 6. dxc5 Nc6 7. Bf4 Nxc5 8. Bd3 Nxd3+ 9. cxd3 Be7 10. d4 a6 11. 0-0 Bd7 12. Rc1 b5 13. Be3 0-0 14. Nd2 Na5 15. f4 f5 16. exf6 Bxf6 17. b3 Nc6 18. Nf3 Ne7 19. g4 g6 20. Ne5 Bxe5 21. fxe5 b4 22. Ne2 Bb5 23. Rxf8+ Qxf8 24. Nf4 Qf7 25. Rc2 h5 26. Rf2 hxg4 27. Qxg4 Nf5 28. Nxg6 Nxe3 29. Ne7+ Kh8 30. Qh4+ Qh7 31. Ng6+ Kg8 32. Ne7+ Kh8 33. Ng6+ Kg8 34. Ne7+ Kh8 35. Ng6+ Kg8 36. Qf6 Re8 37. Qg5 Nf5 38. Rg2 Qg7 39. Qc1 Kh7 40. Qg5 Qh6 41. Qf6 Qc1+ 0-1

[Event "CRO-chT2 East"]
[Site "Osijek"]
[Date "2010.10.31"]
[Round "10.45"]
[White "Stanic, Ivica"]
[Black "Feltan, Mario"]
[Result "0-1"]
[WhiteElo "2007"]
[BlackElo "2032"]
[PlyCount "102"]
[EventDate "2010.04.17"]
[EventType "team-tourn"]
[EventRounds "11"]
[EventCountry "CRO"]
[SourceTitle "EXT 2012"]
[Source "ChessBase"]
[SourceDate "2011.11.24"]
[SourceVersion "1"]
[SourceVersionDate "2011.11.24"]
[SourceQuality "1"]

1. c4 e5 2. g3 f5 3. Bg2 Nf6 4. Nc3 Be7 5. Nd5 0-0 6. d4 e4 7. Nxe7+ Qxe7 8. a3 d5 9. Bd2 Rd8 10. c5 a5 11. Rc1 a4 12. h4 Bd7 13. Nh3 Nc6 14. e3 Na5 15. Bb4 Bc6 16. Nf4 Nc4 17. Rc2 Qf7 18. h5 Nd7 19. Bh3 Nf8 20. g4 fxg4 21. Bxg4 Bd7 22. Rg1 Ra6 23. Be2 Bb5 24. Bg4 Rf6 25. Bh3 Re8 26. Rg5 Rxf4 27. exf4 e3 28. Qf3 exf2+ 29. Kxf2 Re3 30. Qg4 Rxh3 31. Rf5 Ne3 32. Qxh3 Nxf5 33. Bc3 Ne6 34. Qg4 Bd3 35. Rc1 Qf6 36. Re1 Be4 37. Rd1 Nh6 38. Qg3 Nxf4 39. Ke1 Ne6 40. Rd2 Nf5 41. Qh2 Ng5 42. Qxc7 Nf3+ 43. Kd1 Nxd2 44. Qc8+ Qf8 45. Qe6+ Kh8 46. Kxd2 h6 47. Qe5 Qe7 48. Qxe7 Nxe7 49. Ke3 g5 50. hxg6 Kg7 51. Kf4 Nc6 0-1

[Event "CRO-chT2 East"]
[Site "Osijek"]
[Date "2010.10.16"]
[Round "8.36"]
[White "Feltan, Mario"]
[Black "Cubelic, Milan"]
[Result "1/2-1/2"]
[WhiteElo "2032"]
[BlackElo "2125"]
[PlyCount "131"]
[EventDate "2010.04.17"]
[EventType "team-tourn"]
[EventRounds "11"]
[EventCountry "CRO"]
[SourceTitle "EXT 2012"]
[Source "ChessBase"]
[SourceDate "2011.11.24"]
[SourceVersion "1"]
[SourceVersionDate "2011.11.24"]
[SourceQuality "1"]

1. e4 c5 2. c3 Nf6 3. e5 Nd5 4. d4 cxd4 5. Nf3 Nc6 6. cxd4 d6 7. exd6 Qxd6 8. Nc3 Nxc3 9. bxc3 g6 10. Be2 Bg7 11. 0-0 0-0 12. Be3 b6 13. Qd2 Bb7 14. Rfd1 Rac8 15. Bh6 Na5 16. Bxg7 Kxg7 17. Ne5 h6 18. Ng4 Rh8 19. Ne3 e6 20. Rac1 e5 21. Qb2 h5 22. d5 f5 23. c4 Kh7 24. Nf1 Rc5 25. Nd2 Re8 26. Nf3 Bc8 27. Ng5+ Kg8 28. Re1 Rc7 29. Bf1 Nb7 30. Rc3 Rce7 31. Qd2 Nd8 32. Rg3 Rg7 33. Nh3 Bd7 34. Ng5 Nf7 35. a4 Nxg5 36. Rxg5 e4 37. a5 Kh7 38. axb6 axb6 39. Rg3 f4 40. Rb3 Rge7 41. Qd4 Qc5 42. Qxc5 bxc5 43. Rb7 Bc8 44. Rb5 Rc7 45. g3 g5 46. Bg2 Bf5 47. h4 fxg3 48. fxg3 gxh4 49. gxh4 Rg8 50. Kh2 Rg4 51. Re3 Rxh4+ 52. Kg1 Rg4 53. d6 Ra7 54. Rxc5 Kg6 55. Kh2 Rh4+ 56. Kg3 Rg4+ 57. Kh2 Rh4+ 58. Kg3 Rg4+ 59. Kh2 Ra2 60. Rg3 h4 61. Rxg4+ Bxg4 62. Kg1 Ra1+ 63. Kf2 Ra2+ 64. Kg1 Ra1+ 65. Kf2 Ra2+ 66. Kg1 1/2-1/2

[Event "CRO-chT U20 18th"]
[Site "Sv Filip i Jakov"]
[Date "2009.04.19"]
[Round "11"]
[White "Jerkovic, Maroje"]
[Black "Feltan, Mario"]
[Result "0-1"]
[WhiteElo "1756"]
[BlackElo "2054"]
[PlyCount "75"]
[EventDate "2009.04.14"]
[EventType "team-tourn"]
[EventRounds "11"]
[EventCountry "CRO"]
[SourceTitle "CBM 129 Extra"]
[Source "ChessBase"]
[SourceDate "2009.05.05"]
[SourceVersion "2"]
[SourceVersionDate "2009.05.20"]
[SourceQuality "1"]

1. e4 e6 2. d4 d5 3. Nd2 c5 4. exd5 exd5 5. dxc5 Bxc5 6. Nb3 Bd6 7. Nf3 Ne7 8. Be3 Nbc6 9. c3 Bg4 10. h3 Bh5 11. Be2 0-0 12. Nfd4 Bg6 13. Bd3 Ne5 14. Bxg6 N7xg6 15. Nf5 Bc7 16. 0-0 Nc4 17. Bc5 Re8 18. Rb1 b6 19. Bd4 f6 20. Nd2 Qd7 21. Nxc4 Qxf5 22. Ne3 Qd7 23. Qg4 Qd6 24. g3 Re4 25. Nf5 Qe6 26. Qh5 Re8 27. Qf3 Ne7 28. Nxe7+ Rxe7 29. Kg2 f5 30. Be3 f4 31. Bxf4 Bxf4 32. gxf4 Qf5 33. Kh2 Rxf4 34. Qg2 h5 35. Rbd1 Re2 36. Rb1 h4 37. Qg1 Rfxf2+ 38. Kh1 0-1

[Event "CRO-chT U20 18th"]
[Site "Sv Filip i Jakov"]
[Date "2009.04.18"]
[Round "10"]
[White "Jambrusic, Zvonimir"]
[Black "Feltan, Mario"]
[Result "1/2-1/2"]
[WhiteElo "1853"]
[BlackElo "2054"]
[PlyCount "34"]
[EventDate "2009.04.14"]
[EventType "team-tourn"]
[EventRounds "11"]
[EventCountry "CRO"]
[SourceTitle "CBM 129 Extra"]
[Source "ChessBase"]
[SourceDate "2009.05.05"]
[SourceVersion "2"]
[SourceVersionDate "2009.05.20"]
[SourceQuality "1"]

1. d4 d5 2. Nf3 Nf6 3. Bf4 c5 4. c3 Qb6 5. Qc2 Nc6 6. e3 Bf5 7. Nbd2 e6 8. Ne5 Rc8 9. dxc5 Bxc5 10. Nb3 Be7 11. Be2 0-0 12. 0-0 a5 13. Nd4 Nxd4 14. exd4 Ne4 15. Nd7 Qc6 16. Nxf8 Bxf8 17. f3 Nf6 1/2-1/2

[Event "CRO-chT U20 18th"]
[Site "Sv Filip i Jakov"]
[Date "2009.04.16"]
[Round "5"]
[White "Sucic, Mihael"]
[Black "Feltan, Mario"]
[Result "0-1"]
[WhiteElo "1942"]
[BlackElo "2054"]
[PlyCount "57"]
[EventDate "2009.04.14"]
[EventType "team-tourn"]
[EventRounds "11"]
[EventCountry "CRO"]
[SourceTitle "CBM 129 Extra"]
[Source "ChessBase"]
[SourceDate "2009.05.05"]
[SourceVersion "2"]
[SourceVersionDate "2009.05.20"]
[SourceQuality "1"]

1. d4 d5 2. c4 e5 3. dxe5 d4 4. Nf3 Nc6 5. g3 Bg4 6. Bg2 Bb4+ 7. Nbd2 Nge7 8. 0-0 Ng6 9. Qb3 Rb8 10. a3 Bxd2 11. Bxd2 0-0 12. Rfd1 Ncxe5 13. Nxe5 Nxe5 14. Bf4 Ng6 15. Bf3 Be6 16. e3 Nxf4 17. gxf4 c5 18. exd4 cxd4 19. Qd3 Qc7 20. Qxd4 Rbd8 21. Qxa7 Qxf4 22. Qe3 Qxc4 23. Rxd8 Rxd8 24. Rd1 Re8 25. Rc1 Qb5 26. b4 Bh3 27. Qc5 Qd3 28. Bxb7 Qd2 29. f3 0-1

[Event "CRO-chT U20 18th"]
[Site "Sv Filip i Jakov"]
[Date "2009.04.14"]
[Round "1"]
[White "Ivekovic, Josip"]
[Black "Feltan, Mario"]
[Result "1/2-1/2"]
[WhiteElo "2085"]
[BlackElo "2054"]
[PlyCount "90"]
[EventDate "2009.04.14"]
[EventType "team-tourn"]
[EventRounds "11"]
[EventCountry "CRO"]
[SourceTitle "CBM 129 Extra"]
[Source "ChessBase"]
[SourceDate "2009.05.05"]
[SourceVersion "2"]
[SourceVersionDate "2009.05.20"]
[SourceQuality "1"]

1. d4 d5 2. Bf4 Nf6 3. e3 c5 4. c3 e6 5. Nf3 Bd6 6. Bg3 Ne4 7. Nbd2 Nxd2 8. Qxd2 Nc6 9. Bd3 0-0 10. 0-0 Bxg3 11. hxg3 c4 12. Bc2 Bd7 13. e4 b5 14. Kh2 Rb8 15. Rh1 dxe4 16. Bxe4 f5 17. Bxc6 Bxc6 18. Ne5 Bd5 19. a3 a5 20. Qe2 Rb7 21. Rhc1 f4 22. Qg4 fxg3+ 23. Qxg3 Rf5 24. f3 Qf6 25. Rh1 Rg5 26. Qh4 Rf5 27. Qxf6 gxf6 28. Ng4 Rh5+ 29. Kg3 Rxh1 30. Rxh1 Kg7 31. Ne3 Kg6 32. Kf4 b4 33. axb4 axb4 34. g4 bxc3 35. bxc3 Rb3 36. Rc1 Rb2 37. Rc2 Rb1 38. Ra2 Rc1 39. Ra3 h6 40. Kg3 Rb1 41. Ra5 Rc1 42. Nxd5 exd5 43. Rxd5 Rxc3 44. Rc5 Rc1 45. Kf4 c3 1/2-1/2

[Event "Valpovo op U20"]
[Site "Valpovo"]
[Date "2008.12.06"]
[Round "5"]
[White "Rubil, Marko"]
[Black "Feltan, Mario"]
[Result "0-1"]
[WhiteElo "2060"]
[BlackElo "2013"]
[PlyCount "92"]
[EventDate "2008.12.05"]
[EventType "swiss (rapid)"]
[EventRounds "7"]
[EventCountry "CRO"]
[SourceTitle "EXT 2010"]
[Source "ChessBase"]
[SourceDate "2010.11.25"]
[SourceVersion "1"]
[SourceVersionDate "2010.11.25"]
[SourceQuality "1"]

1. e4 e6 2. d4 d5 3. e5 c5 4. c3 Bd7 5. Nf3 Qb6 6. a3 Bb5 7. b4 cxb4 8. Bxb5+ Qxb5 9. cxb4 Nc6 10. Nc3 Qb6 11. 0-0 Nge7 12. Bb2 Ng6 13. Rc1 a6 14. Re1 Be7 15. Qd2 0-0 16. g3 f6 17. exf6 Rxf6 18. Na4 Qb5 19. Nc3 Qb6 20. Na4 Qc7 21. Ng5 Qd6 22. h4 h6 23. Nh3 Raf8 24. h5 Nh8 25. Nf4 Rxf4 26. gxf4 Rxf4 27. Qe2 Nd8 28. Rc8 Kh7 29. Qe5 Rg4+ 30. Kh1 Qd7 31. Nb6 Qb5 32. Rc7 Qd3 33. Rc3 Qb5 34. Na8 Nhf7 35. Qe2 Rh4+ 36. Kg2 Qd7 37. Nb6 Qd6 38. Rg3 Qxb6 39. Qd3+ Kg8 40. Qg6 Bf8 41. Rd1 Qd6 42. Bc1 Re4 43. Bxh6 Nxh6 44. Rg1 Nf5 45. Rh3 Nh4+ 46. Rxh4 Rxh4 0-1

[Event "Zupanja op-B 2nd"]
[Site "Zupanja"]
[Date "2008.01.06"]
[Round "6"]
[White "Feltan, Mario"]
[Black "Fucak, Emilijo"]
[Result "1/2-1/2"]
[WhiteElo "2068"]
[BlackElo "2296"]
[PlyCount "47"]
[EventDate "2008.01.03"]
[EventType "swiss"]
[EventRounds "9"]
[EventCountry "CRO"]
[SourceTitle "CBM 122 Extra"]
[Source "ChessBase"]
[SourceDate "2008.03.04"]
[SourceVersion "1"]
[SourceVersionDate "2008.03.04"]
[SourceQuality "1"]

1. e4 e6 2. d4 d5 3. e5 b6 4. f4 Nh6 5. Nf3 c5 6. c3 a5 7. Bd3 Ba6 8. 0-0 Be7 9. Be3 0-0 10. Qc2 Bxd3 11. Qxd3 Nc6 12. Nbd2 Rc8 13. Rac1 Qd7 14. h3 Nf5 15. Bf2 cxd4 16. cxd4 g6 17. a3 Rc7 18. Rc2 Rfc8 19. Rfc1 Bd8 20. g4 Ng7 21. Kg2 Nb8 22. Rxc7 Rxc7 23. Rc3 Rxc3 24. Qxc3 1/2-1/2

[Event "Zupanja op-B 2nd"]
[Site "Zupanja"]
[Date "2008.01.04"]
[Round "2"]
[White "Mihalinec, Damir"]
[Black "Feltan, Mario"]
[Result "1-0"]
[WhiteElo "2254"]
[BlackElo "2068"]
[PlyCount "53"]
[EventDate "2008.01.03"]
[EventType "swiss"]
[EventRounds "9"]
[EventCountry "CRO"]
[SourceTitle "CBM 122 Extra"]
[Source "ChessBase"]
[SourceDate "2008.03.04"]
[SourceVersion "1"]
[SourceVersionDate "2008.03.04"]
[SourceQuality "1"]

1. e4 e6 2. d4 d5 3. Nc3 Bb4 4. e5 c5 5. a3 Bxc3+ 6. bxc3 Qc7 7. Bd2 Ne7 8. Qg4 Kf8 9. Bd3 c4 10. Be2 Bd7 11. h4 h5 12. Qg5 g6 13. Qf6 Rh7 14. Nh3 Ng8 15. Qf4 Nc6 16. Ng5 Rg7 17. g4 hxg4 18. Bxg4 Ke8 19. h5 gxh5 20. Bxh5 Bc8 21. Ke2 Qe7 22. Rag1 Qf8 23. Nxf7 Rxf7 24. Qxf7+ Qxf7 25. Rxg8+ Ke7 26. Bxf7 Kxf7 27. Rhg1 1-0

[Event "CRO-chT3 East-B"]
[Site "Croatia"]
[Date "2005.03.13"]
[Round "1.4"]
[White "Perisic, Robert"]
[Black "Feltan, Mario"]
[Result "1/2-1/2"]
[WhiteElo "2138"]
[BlackElo "1824"]
[PlyCount "80"]
[EventDate "2005.03.13"]
[EventType "team-tourn"]
[EventRounds "11"]
[EventCountry "CRO"]
[SourceTitle "EXT 2007"]
[Source "ChessBase"]
[SourceDate "2006.11.23"]
[SourceVersion "1"]
[SourceVersionDate "2006.11.23"]
[SourceQuality "1"]
[WhiteTeam "Piskorevci"]
[BlackTeam "Ilok"]
[WhiteTeamCountry "CRO"]
[BlackTeamCountry "CRO"]

1. d4 d5 2. Nf3 Nf6 3. c4 e6 4. Bg5 c6 5. e3 Nbd7 6. Nc3 Bd6 7. cxd5 cxd5 8. Bd3 a6 9. 0-0 h6 10. Bh4 0-0 11. Rc1 b5 12. Qe2 Bb7 13. Rc2 Be7 14. Rfc1 Rc8 15. Nb1 Rxc2 16. Rxc2 Qa5 17. a3 Rc8 18. Rxc8+ Bxc8 19. Qc2 Bb7 20. Bg3 Qb6 21. Nbd2 Bd6 22. Nb3 Bxg3 23. hxg3 Ne4 24. Bxe4 dxe4 25. Nfd2 f5 26. Nc5 Nxc5 27. dxc5 Qc7 28. b4 Bd5 29. Nb3 Bxb3 30. Qxb3 Qc6 31. Qd1 Kf7 32. Qd8 h5 33. Qb6 Qd5 34. c6 h4 35. c7 Qd1+ 36. Kh2 hxg3+ 37. fxg3 Qh5+ 38. Kg1 Qd1+ 39. Kf2 Qd2+ 40. Kg1 Qd1+ 1/2-1/2